Кони А. Ф., академик

Доступно только в Электронных читальных залах Найти на картеНа карте
RUSMARC
00003920nac2a22002771x 450
0016223d7b5-6f35-4387-801f-3433b865e702
00520131124003622.0
100##$a20130717l18961897k y0rusy50 ca
1010#$arus
102##$aRU
105##$ay z |||||
2001#$aКони А. Ф., академик
$j30 июля 1896 - 22 июня 1897
215##$a4 листа
251##$cДело
300##$aЗаголовок дела на папке: Письма Кони Анатолия Федоровича, академика, Никольскому Б. Вл.
300##$a2 письма
300##$aРукописный текст
330##$aА. Переписка; 1. Письма к Б. В. Никольскому; (Геерлингер И., Мичерлинг А. А.) см. № 495
461#0$10011c5950b4-9b17-43ad-92f1-e565a07ae223
$12001
$aНикольский Борис Владимирович, историк права, профессор Юрьевского и Петербургского университетов, один из руководителей главного совета "Русского собрания", поэт, критик
$1251
$cФонд
$1852
$j588
462#0$1001855f2cb0-80f8-42f6-88fa-41bf4837b2b7
$12001
$aНикольский Борис Владимирович. 1837-1919 гг.
$1251
$cОпись
$1852
$j1
517##$aПисьма Кони Анатолия Федоровича, академика, Никольскому Б. Вл.
600#1$aНикольский
$bБ. В.
$gБорис Владимирович
600#1$aКони
$bА. Ф.
$f1844-1927
$gАнатолий Федорович
801#0$aRU
$bGA_RF
801#1$aRU
$bНПО Опыт
$c20130717
$2rusmarc
801#2$aRU
$bПБ им. Б.Н. Ельцина
$c20131124
$gRCR
$2rusmarc
852##$aГА РФ
$j369
937##$d42017458
$hПБ
035##$aRuPRLIB51009565
Формат отображения